Most democratic countries in 1789 - Statistics

General Stats
  • This quiz has been taken 135 times
    106 since last reset
  • The average score is 7 of 12
Answer Stats
Score Country % Correct
0.231 United Kingdom
94%
0.282 United States
91%
0.226 France
90%
0.072 Spain
84%
0.073 Netherlands
71%
0.149 Denmark-Norway
68%
0.208 Sweden-Finland
67%
0.160 Polish-Lithuanian Commonwealth
61%
0.070 Hungary
23%
0.108 Saxony
13%
0.061 Parma
9%
0.131 Mecklenburg Schwerin
5%
No matching quizzes found
Score Distribution
Percent of People with Each Score
Percentile by Number Answered
Your Score History
You have not taken this quiz since the last reset